The economics of recession and revival : (Record no. 42618)
[ view plain ]
| 000 -LEADER | |
|---|---|
| fixed length control field | 00804nam a2200253 a 4500 |
| 001 - CONTROL NUMBER | |
| control field | 42618 |
| 003 - CONTROL NUMBER IDENTIFIER | |
| rucl marc code | BD-RjUL |
| 005 - DATE AND TIME OF LATEST TRANSACTION | |
| control field | 20211209053551.0 |
| 008 - FIXED-LENGTH DATA ELEMENTS--GENERAL INFORMATION | |
| fixed length control field | 160614s1954 ctua b 001 0 eng |
| 035 ## - SYSTEM CONTROL NUMBER | |
| System control number | (BD-RjUL)42736 |
| 040 ## - CATALOGING SOURCE | |
| Original cataloging agency | DLC |
| Transcribing agency | MH |
| Modifying agency | OCoLC |
| -- | DLC |
| -- | BD-RjUL |
| Language of cataloging | eng |
| 041 ## - LANGUAGE CODE | |
| Language code of text/sound track or separate title | eng |
| 082 ## - DEWEY DECIMAL CLASSIFICATION NUMBER | |
| Classification number | 338.54 |
| Edition number | 23 |
| Author mark and year | ROE 1954 |
| 100 1# - MAIN ENTRY--PERSONAL NAME | |
| Personal name | Roose, Kenneth D. |
| 9 (RLIN) | 131021 |
| 245 14 - TITLE STATEMENT | |
| Title | The economics of recession and revival : |
| Remainder of title | an interpretation of 1937-38 / |
| Statement of responsibility, etc. | by, Kenneth D. Roose |
| 260 ## - PUBLICATION, DISTRIBUTION, ETC. (IMPRINT) | |
| Place of publication, distribution, etc. | New Haven : |
| Name of publisher, distributor, etc. | Yale University Press, |
| Date of publication, distribution, etc. | 1954. |
| 300 ## - PHYSICAL DESCRIPTION | |
| Pagination | xi, 280 p. : |
| Illustrations | ill ; |
| Size | 25 cm. |
| 500 ## - GENERAL NOTE | |
| General note | Includes Index |
| 504 ## - BIBLIOGRAPHY, ETC. NOTE | |
| Bibliography, etc | Includes Bibliography |
| 650 #0 - SUBJECT ADDED ENTRY--TOPICAL TERM | |
| Topical term or geographic name as entry element | Depressions |
| Chronological subdivision | 1937. |
| 9 (RLIN) | 131023 |
| Topical term or geographic name as entry element | Business cycles. |
| 9 (RLIN) | 130599 |
| 942 ## - ADDED ENTRY ELEMENTS (KOHA) | |
| Source of classification or shelving scheme | Dewey Decimal Classification |
| Koha item type | Books |
| Lost status | Source of classification or shelving scheme | Damaged status | Not for loan | Collection code | Permanent Location | Current Location | Shelving location | Date acquired | Source of acquisition | Cost, normal purchase price | Total Checkouts | Full call number | Date last seen | Copy number | Koha item type |
|---|---|---|---|---|---|---|---|---|---|---|---|---|---|---|---|
| Dewey Decimal Classification | Non-fiction | Central Library, University of Rajshahi | Central Library, University of Rajshahi | 07/06/1956 | M. N. Supplies | 31.00 | 338.54 ROE 1954 | 14/06/2016 | C-2 | Books |